Hands-free, image-based walkthrough system for the masses /
Saved in:
| Main Author: | |
|---|---|
| Format: | Thesis Book |
| Language: | English |
| Published: |
1997.
|
| Subjects: | |
| Tags: |
Add Tag
No Tags, Be the first to tag this record!
|
| LEADER | 00852cam a2200253 a 4500 | ||
|---|---|---|---|
| 001 | u424977 | ||
| 003 | SIRSI | ||
| 008 | 980608s1997 si v 00 1 eng m | ||
| 035 | |a ACF-2179 | ||
| 040 | |a UMM | ||
| 043 | |a a-si--- | ||
| 090 | |a QA76.9 |b H85Hii | ||
| 100 | 1 | 0 | |a Hii, Desmond Toh Onn. |
| 245 | 1 | 0 | |a Hands-free, image-based walkthrough system for the masses / |c by Desmond Hii Toh Onn. |
| 260 | |c 1997. | ||
| 300 | |a iv, 94 leaves : |b ill. ; |c 30 cm. | ||
| 502 | |a Dissertation (M.Sc.) -- National University of Singapore, 1997. | ||
| 504 | |a Bibliography: leaves 89-92. | ||
| 650 | 0 | |a Virtual reality |z Singapore |x Exhibitions | |
| 650 | 0 | |a Human-computer interaction. | |
| 650 | 0 | |a Image processing |x Digital techniques. | |
| 948 | |a 08/06/1998 |b 10/06/1999 | ||
| 596 | |a 1 | ||
| 999 | |a QA76.9 H85HII |w LC |c 1 |i A507918258 |l STACKS |m P01UTAMA |r Y |s Y |t TESIS |u 23/6/1999 | ||
